000 00322nam a22001337a 4500
008 181017b xxu||||| |||| 00| 0 eng d
020 _a9781930699458
041 _aeng
080 _23rd
_a338
100 _a54
101 _aMEN
245 _aA Guide to the Project Management Body of Knowledge
_cPMBOK
942 _2udc
_cBK
999 _c50026
_d50026